000 00643nam a2200241 a 4500
001 nice12345678
003 IN_TiNIC
005 20260116013132.0
008 050524s1998 mina grp 000 0 eng
020 _a0814702
_c2070
082 0 0 _a291.35
_bKED
100 _aKedar, Benjamin Z
245 _aSacred Space
_b Shrine, City, Land
260 _aMinnesota
_bNew York University Press New York
_c1998
300 _a348p
500 _aincludes index and biblioraphy
505 2 _aindex of name and place
650 _aShrine
650 _aComparative Religion-Sacred Places
902 _bSRS
942 _cBK
999 _c9805
_d9805